Piłkarski quiz transferowy 10! - Statystyki

Ogólne statystyki
  • Ten quiz został rozwiązany 241 razy
    194 od ostatniego zresetowania
  • Średni wynik to 11 z 20
Statystyki odpowiedzi
Piłkarz Następny klub w którym grał % Poprawnych
Robert Lewandowski (Znicz Pruszków) Lech Poznań
98%
Alvaro Morata (Real Madryt) Juventus
82%
Luis Suarez (Groningen) Ajax
77%
Sergio Aguero (Indepediente) Atletico Madryt
75%
Mohamed Salah (Basel) Chelsea
69%
Ivan Rakitic (Schalke) Sevilla
66%
Carlos Tevez (West Ham) Manchester City
63%
Leonadro Bonucci (Bari) Juventus
62%
Zlatan Ibrahimovic (Ajax) Juventus
58%
Heung-Min Son (Hamburger) Bayer Leverkusen
52%
Radamel Falcao (Porto) Atletico Madryt
51%
Roberto Firmino (Tombense) Hoffenheim
47%
Juan Mata (Real Madryt) Valencia
40%
Thiago Silva (Fluminense) Milan
37%
Pierre-Emerick Aubameyang (Milan) Saint Etienne
35%
Edin Dzeko (Teplice) Wolfsburg
35%
Hugo Lloris (Nice) OL
33%
Edinson Cavani (Danubio) Palermo
32%
Sadio Mane (Metz) Salzburg
24%
Dries Mertens (Utrecht) PSV
23%
Nie znaleziono quizów pasujących do podanych kryteriów
Rozkład punktacji
Procent ludzi z każdym wynikiem
Percentyl według liczby udzielonych odpowiedzi
Twoja historia wyników
Nie rozwiązałeś tego quizu od ostatniego zresetowania